<?xml version="1.0" encoding="UTF-8"?>
<record
    xmlns:xsi="http://www.w3.org/2001/XMLSchema-instance"
    xsi:schemaLocation="http://www.loc.gov/MARC21/slim http://www.loc.gov/standards/marcxml/schema/MARC21slim.xsd"
    xmlns="http://www.loc.gov/MARC21/slim">

  <leader>     nam a22     7a 4500</leader>
  <datafield tag="999" ind1=" " ind2=" ">
    <subfield code="c">49401</subfield>
    <subfield code="d">49401</subfield>
  </datafield>
  <controlfield tag="003">OSt</controlfield>
  <controlfield tag="005">20191129154356.0</controlfield>
  <controlfield tag="008">191129b        xxu||||| |||| 00| 0 eng d</controlfield>
  <datafield tag="040" ind1=" " ind2=" ">
    <subfield code="c">sero soft</subfield>
  </datafield>
  <datafield tag="100" ind1=" " ind2=" ">
    <subfield code="a">Malik,Dr.Satish</subfield>
  </datafield>
  <datafield tag="245" ind1=" " ind2=" ">
    <subfield code="a">Health Education and Environmental studies</subfield>
  </datafield>
  <datafield tag="260" ind1=" " ind2=" ">
    <subfield code="a">Delhi</subfield>
    <subfield code="b">sports publication</subfield>
  </datafield>
  <datafield tag="300" ind1=" " ind2=" ">
    <subfield code="a">347</subfield>
  </datafield>
  <datafield tag="942" ind1=" " ind2=" ">
    <subfield code="2">ddc</subfield>
    <subfield code="c">02</subfield>
  </datafield>
  <datafield tag="952" ind1=" " ind2=" ">
    <subfield code="0">0</subfield>
    <subfield code="1">0</subfield>
    <subfield code="2">ddc</subfield>
    <subfield code="4">0</subfield>
    <subfield code="7">0</subfield>
    <subfield code="a">17</subfield>
    <subfield code="b">17</subfield>
    <subfield code="d">2019-11-29</subfield>
    <subfield code="e">Sports Publication Delhi</subfield>
    <subfield code="g">800.00</subfield>
    <subfield code="i">19309/22/11/19</subfield>
    <subfield code="l">5</subfield>
    <subfield code="m">1</subfield>
    <subfield code="p">17-B-3307</subfield>
    <subfield code="r">2025-10-14</subfield>
    <subfield code="s">2025-10-08</subfield>
    <subfield code="w">2019-11-29</subfield>
    <subfield code="y">02</subfield>
  </datafield>
  <datafield tag="952" ind1=" " ind2=" ">
    <subfield code="0">0</subfield>
    <subfield code="1">0</subfield>
    <subfield code="2">ddc</subfield>
    <subfield code="4">0</subfield>
    <subfield code="7">0</subfield>
    <subfield code="a">17</subfield>
    <subfield code="b">17</subfield>
    <subfield code="d">2019-11-29</subfield>
    <subfield code="e">Sports Publication Delhi</subfield>
    <subfield code="g">800.00</subfield>
    <subfield code="i">19309/22/11/19</subfield>
    <subfield code="l">2</subfield>
    <subfield code="m">2</subfield>
    <subfield code="p">17-B-3308</subfield>
    <subfield code="r">2021-03-24</subfield>
    <subfield code="s">2021-02-15</subfield>
    <subfield code="w">2019-11-29</subfield>
    <subfield code="y">02</subfield>
  </datafield>
  <datafield tag="952" ind1=" " ind2=" ">
    <subfield code="0">0</subfield>
    <subfield code="1">0</subfield>
    <subfield code="2">ddc</subfield>
    <subfield code="4">0</subfield>
    <subfield code="7">0</subfield>
    <subfield code="a">17</subfield>
    <subfield code="b">17</subfield>
    <subfield code="d">2019-11-29</subfield>
    <subfield code="e">Sports Publication Delhi</subfield>
    <subfield code="g">800.00</subfield>
    <subfield code="i">19309/22/11/19</subfield>
    <subfield code="l">5</subfield>
    <subfield code="m">1</subfield>
    <subfield code="p">17-B-3309</subfield>
    <subfield code="r">2024-02-02</subfield>
    <subfield code="s">2023-12-22</subfield>
    <subfield code="w">2019-11-29</subfield>
    <subfield code="y">02</subfield>
  </datafield>
  <datafield tag="952" ind1=" " ind2=" ">
    <subfield code="0">0</subfield>
    <subfield code="1">0</subfield>
    <subfield code="2">ddc</subfield>
    <subfield code="4">0</subfield>
    <subfield code="7">0</subfield>
    <subfield code="a">17</subfield>
    <subfield code="b">17</subfield>
    <subfield code="d">2019-11-29</subfield>
    <subfield code="e">Sports Publication Delhi</subfield>
    <subfield code="g">800.00</subfield>
    <subfield code="i">19309/22/11/19</subfield>
    <subfield code="l">7</subfield>
    <subfield code="m">1</subfield>
    <subfield code="p">17-B-3310</subfield>
    <subfield code="r">2024-01-31</subfield>
    <subfield code="s">2024-01-18</subfield>
    <subfield code="w">2019-11-29</subfield>
    <subfield code="y">02</subfield>
  </datafield>
  <datafield tag="952" ind1=" " ind2=" ">
    <subfield code="0">0</subfield>
    <subfield code="1">0</subfield>
    <subfield code="2">ddc</subfield>
    <subfield code="4">0</subfield>
    <subfield code="7">0</subfield>
    <subfield code="a">17</subfield>
    <subfield code="b">17</subfield>
    <subfield code="d">2019-11-29</subfield>
    <subfield code="e">Sports Publication Delhi</subfield>
    <subfield code="g">800.00</subfield>
    <subfield code="i">19309/22/11/19</subfield>
    <subfield code="l">6</subfield>
    <subfield code="p">17-B-3311</subfield>
    <subfield code="r">2026-03-31</subfield>
    <subfield code="s">2025-12-08</subfield>
    <subfield code="w">2019-11-29</subfield>
    <subfield code="y">02</subfield>
  </datafield>
  <datafield tag="952" ind1=" " ind2=" ">
    <subfield code="0">0</subfield>
    <subfield code="1">0</subfield>
    <subfield code="2">ddc</subfield>
    <subfield code="4">0</subfield>
    <subfield code="7">0</subfield>
    <subfield code="a">17</subfield>
    <subfield code="b">17</subfield>
    <subfield code="d">2019-11-29</subfield>
    <subfield code="e">Sports Publication Delhi</subfield>
    <subfield code="g">800.00</subfield>
    <subfield code="i">19309/22/11/19</subfield>
    <subfield code="l">13</subfield>
    <subfield code="m">1</subfield>
    <subfield code="p">17-B-3312</subfield>
    <subfield code="r">2025-01-31</subfield>
    <subfield code="s">2025-01-15</subfield>
    <subfield code="w">2019-11-29</subfield>
    <subfield code="y">02</subfield>
  </datafield>
  <datafield tag="952" ind1=" " ind2=" ">
    <subfield code="0">0</subfield>
    <subfield code="1">0</subfield>
    <subfield code="2">ddc</subfield>
    <subfield code="4">0</subfield>
    <subfield code="7">0</subfield>
    <subfield code="a">17</subfield>
    <subfield code="b">17</subfield>
    <subfield code="d">2019-11-29</subfield>
    <subfield code="e">Sports Publication Delhi</subfield>
    <subfield code="g">800.00</subfield>
    <subfield code="i">19309/22/11/19</subfield>
    <subfield code="l">2</subfield>
    <subfield code="m">1</subfield>
    <subfield code="p">17-B-3313</subfield>
    <subfield code="r">2024-01-30</subfield>
    <subfield code="s">2023-11-29</subfield>
    <subfield code="w">2019-11-29</subfield>
    <subfield code="y">02</subfield>
  </datafield>
  <datafield tag="952" ind1=" " ind2=" ">
    <subfield code="0">0</subfield>
    <subfield code="1">0</subfield>
    <subfield code="2">ddc</subfield>
    <subfield code="4">0</subfield>
    <subfield code="7">0</subfield>
    <subfield code="a">17</subfield>
    <subfield code="b">17</subfield>
    <subfield code="d">2019-11-29</subfield>
    <subfield code="e">Sports Publication Delhi</subfield>
    <subfield code="g">800.00</subfield>
    <subfield code="i">19309/22/11/19</subfield>
    <subfield code="l">0</subfield>
    <subfield code="p">17-B-3314</subfield>
    <subfield code="r">2019-11-29</subfield>
    <subfield code="w">2019-11-29</subfield>
    <subfield code="y">02</subfield>
  </datafield>
  <datafield tag="952" ind1=" " ind2=" ">
    <subfield code="0">0</subfield>
    <subfield code="1">0</subfield>
    <subfield code="2">ddc</subfield>
    <subfield code="4">0</subfield>
    <subfield code="7">0</subfield>
    <subfield code="a">17</subfield>
    <subfield code="b">17</subfield>
    <subfield code="d">2019-11-29</subfield>
    <subfield code="e">Sports Publication Delhi</subfield>
    <subfield code="g">800.00</subfield>
    <subfield code="i">19309/22/11/19</subfield>
    <subfield code="l">1</subfield>
    <subfield code="p">17-B-3315</subfield>
    <subfield code="r">2022-03-02</subfield>
    <subfield code="s">2022-02-12</subfield>
    <subfield code="w">2019-11-29</subfield>
    <subfield code="y">02</subfield>
  </datafield>
  <datafield tag="952" ind1=" " ind2=" ">
    <subfield code="0">0</subfield>
    <subfield code="1">0</subfield>
    <subfield code="2">ddc</subfield>
    <subfield code="4">0</subfield>
    <subfield code="7">0</subfield>
    <subfield code="a">17</subfield>
    <subfield code="b">17</subfield>
    <subfield code="d">2019-11-29</subfield>
    <subfield code="e">Sports Publication Delhi</subfield>
    <subfield code="g">800.00</subfield>
    <subfield code="i">19309/22/11/19</subfield>
    <subfield code="l">1</subfield>
    <subfield code="p">17-B-3316</subfield>
    <subfield code="r">2021-02-23</subfield>
    <subfield code="s">2021-02-16</subfield>
    <subfield code="w">2019-11-29</subfield>
    <subfield code="y">02</subfield>
  </datafield>
</record>
